00707cam a2200181 a 4500020002000000040000800020082002600028245003600054260006400090300004000154700002200194700002000216856006300236856005500299942000700354999001700361952014700378 a0521415993 (hc) cDLC00a355 CAM 1996 A089 Or.02aA military history of Ireland / aCambridge ;aNew York :bCambridge University Press,c1996. axxv, 565 p. :bill., maps ;c26 cm.1 aBartlett, Thomas.1 aJeffery, Keith.42uhttp://www.loc.gov/catdir/description/cam026/95006124.html41uhttp://www.loc.gov/catdir/toc/cam022/95006124.html cEK c16309d16309 0010406355_000000000000000_CAM_1996_A089_OR70970514aLBAbLBAcA089d2018-02-06o355 CAM 1996 A089 Or.pA22835r2018-02-06w2018-02-06yEK